00950nam a22002177a 450000100060000000300080000600500170001400800410003103500190007204000350009104100080012608200290013410000240016324502040018726000910039130000370048250200970051950400350061665000360065170000450068781819BD-RjUL20230830171937.0230830s2018 bg a|||| m||| 00| 0 eng d a(BD-RjUL)81819 aBD-RjULbengcBD-RjULdBD-RjUL aeng 223a370.0954924bHOP2018 aHossain, Md. Sazzad10aProblems and opportunities of education for the people living in polder areas in Bangladesh :bA Study on Rajshahi District /cResearcher Md. Sazzad Hossain ;6Supervisor : Shahidur, Rahman Choudhary aRajshahi :bInstitute of Education and Research (I E R), University of Rajshahi,c2018 axx, 170 leaves :bill, ;c29.cm. aThesis (Ph. D.) -- Institute of Education and Research (I E R), University of Rajshahi, 2018 aReferences : Leaves [133] -137 aEducationvRajshahizBangladesh aChoudhary, Shahidur, Rahman, Supervisor